[Event "CZE-chT2C 2122"]
[Site "Czech Republic"]
[Date "2022.03.20"]
[Round "10.6"]
[White "Cerny, Martin"]
[Black "Zelbova, Lada"]
[Result "1-0"]
[WhiteElo "2127"]
[BlackElo "1928"]
[PlyCount "65"]
[EventDate "2021.10.17"]
[EventType "team-tourn"]
[EventRounds "11"]
[EventCountry "CZE"]
[SourceTitle "EXT 2025"]
[Source "ChessBase"]
[SourceDate "2024.10.14"]
[SourceVersion "1"]
[SourceVersionDate "2024.10.14"]
[SourceQuality "1"]
[WhiteTeam "Turnov Zikuda II"]
[BlackTeam "Jicin AD"]
[WhiteTeamCountry "CZE"]
[BlackTeamCountry "CZE"]

1. d4 Nf6 2. c4 e6 3. Nf3 Bb4+ 4. Nbd2 0-0 5. g3 b6 6. Bg2 Bb7 7. 0-0 a5 8. b3 d6 9. Bb2 a4 10. Qc2 a3 11. Bc3 Na6 12. Rad1 c5 13. dxc5 bxc5 14. Ba1 Bxd2 15. Rxd2 Ne4 16. Rdd1 Nb4 17. Qb1 Qe7 18. Nd2 Nxd2 19. Rxd2 Bxg2 20. Kxg2 Rfd8 21. Bc3 Qg5 22. Rfd1 Ra6 23. Qe4 Rb6 24. h4 Qe7 25. Bxb4 cxb4 26. c5 Qb7 27. Qxb7 Rxb7 28. Rxd6 Re8 29. Rb6 Rc7 30. Rc1 Kf8 31. Rxb4 Rd8 32. Rc2 Ra8 33. Rd4 1-0

[Event "CZE-chT2C 2122"]
[Site "Czech Republic"]
[Date "2021.12.19"]
[Round "5.6"]
[White "Bartos, Vaclav2"]
[Black "Cerny, Martin"]
[Result "1/2-1/2"]
[WhiteElo "1834"]
[BlackElo "2127"]
[PlyCount "97"]
[EventDate "2021.10.17"]
[EventType "team-tourn"]
[EventRounds "11"]
[EventCountry "CZE"]
[SourceTitle "EXT 2025"]
[Source "ChessBase"]
[SourceDate "2024.10.14"]
[SourceVersion "1"]
[SourceVersionDate "2024.10.14"]
[SourceQuality "1"]
[WhiteTeam "Ricany Betsys II"]
[BlackTeam "Turnov Zikuda II"]
[WhiteTeamCountry "CZE"]
[BlackTeamCountry "CZE"]

1. d4 Nf6 2. c4 c5 3. d5 b5 4. cxb5 a6 5. Nc3 axb5 6. Nxb5 d6 7. Nc3 Ba6 8. e4 Bxf1 9. Kxf1 g6 10. Nge2 Bg7 11. g3 0-0 12. Kg2 Nbd7 13. h3 Qa5 14. Qc2 Nb6 15. Rb1 Nc4 16. a4 Qb4 17. b3 Na3 18. Bxa3 Qxa3 19. Nb5 Qb4 20. Nec3 Rfc8 21. Rhe1 Nd7 22. Na2 Qa5 23. Na3 Nb6 24. Nc4 Nxc4 25. Qxc4 Rcb8 26. Rec1 Rb7 27. Qd3 Rab8 28. Rc4 Rb6 29. Qc2 Bf6 30. Nc3 Bxc3 31. Rxc3 R8b7 32. h4 h5 33. Rd1 Rb4 34. Re3 Qc7 35. Rdd3 Kg7 36. Rc3 Qb8 37. Qb2 f6 38. Qc2 R7b6 39. Qa2 Rb7 40. Qa3 R7b6 41. Qa2 Rb7 42. Qc2 R7b6 43. Qd1 Qc8 44. Rc4 Rb7 45. Rxb4 Rxb4 46. Qc2 c4 47. bxc4 Rxc4 48. Qb3 Qa6 49. a5 1/2-1/2

[Event "Ricany op"]
[Site "Ricany"]
[Date "2016.09.02"]
[Round "8"]
[White "Svatos, Jan"]
[Black "Cerny, Martin"]
[Result "1-0"]
[WhiteElo "2256"]
[BlackElo "2130"]
[PlyCount "95"]
[EventDate "2016.08.27"]
[EventType "swiss"]
[EventRounds "9"]
[EventCountry "CZE"]
[SourceTitle "CBM 174 Extra"]
[Source "ChessBase"]
[SourceDate "2016.10.10"]
[SourceVersion "1"]
[SourceVersionDate "2016.10.10"]
[SourceQuality "1"]

1. e4 c6 2. d4 d5 3. Nd2 g6 4. e5 Bg7 5. Bd3 Nh6 6. Ndf3 0-0 7. Ne2 f6 8. exf6 exf6 9. 0-0 a5 10. h3 Na6 11. a3 Bf5 12. Bxh6 Bxd3 13. Bxg7 Bxe2 14. Qxe2 Kxg7 15. Rfe1 Nc7 16. Qd2 Qd6 17. Re3 b6 18. Rae1 Rae8 19. Nh2 Rxe3 20. Rxe3 Re8 21. Ng4 Rxe3 22. Qxe3 Qe6 23. Qh6+ Kg8 24. Qf4 Ne8 25. Qb8 Kf7 26. Qb7+ Kg8 27. Nh6+ Kf8 28. Qxh7 f5 29. Qh8+ Ke7 30. Qh7+ Kf8 31. h4 Nd6 32. Qc7 Qe1+ 33. Kh2 Qe7 34. Qxe7+ Kxe7 35. g4 Kf6 36. Kg3 Kg7 37. g5 Nc4 38. Kf4 Nxb2 39. h5 b5 40. hxg6 b4 41. a4 Nxa4 42. Nxf5+ Kf8 43. g7+ Kg8 44. Ke5 Nb6 45. Kf6 Nd7+ 46. Kg6 Nf8+ 47. gxf8Q+ Kxf8 48. Kf6 1-0

[Event "CZE-chT2B 1415"]
[Site "Czech Republic"]
[Date "2015.04.19"]
[Round "11.6"]
[White "Novotny, Jaroslav"]
[Black "Cerny, Martin"]
[Result "1-0"]
[WhiteElo "2196"]
[BlackElo "2176"]
[PlyCount "65"]
[EventDate "2014.11.02"]
[EventType "team-tourn"]
[EventRounds "11"]
[EventCountry "CZE"]
[SourceTitle "EXT 2022"]
[Source "ChessBase"]
[SourceDate "2021.10.06"]
[SourceVersion "1"]
[SourceVersionDate "2021.10.06"]
[SourceQuality "1"]
[WhiteTeam "Jicin III"]
[BlackTeam "Turnov Zikuda II"]
[WhiteTeamCountry "CZE"]
[BlackTeamCountry "CZE"]

1. e4 c5 2. Nf3 e6 3. d4 cxd4 4. Nxd4 Nc6 5. Nb5 d6 6. Bf4 e5 7. Be3 a6 8. N5c3 Nf6 9. Be2 Be7 10. Nd5 Nxd5 11. exd5 Nb8 12. Qd2 0-0 13. c4 h6 14. Nc3 Bf5 15. 0-0 Nd7 16. Rac1 Rc8 17. Rfd1 Qc7 18. b4 Qb8 19. Na4 Bg6 20. c5 b5 21. cxb6 Rxc1 22. Rxc1 f5 23. Qd3 Qe8 24. Qxa6 f4 25. Bd2 f3 26. Bxf3 Nb8 27. Qa7 Bd3 28. Bg4 Qg6 29. Be6+ Kh7 30. Qxe7 Be4 31. g3 Rf6 32. Rc8 Bxd5 33. Rh8+ 1-0

[Event "CZE-chT2B 1415"]
[Site "Czech Republic"]
[Date "2015.03.29"]
[Round "10.3"]
[White "Petr, Jan"]
[Black "Cerny, Martin"]
[Result "1/2-1/2"]
[WhiteElo "2119"]
[BlackElo "2176"]
[PlyCount "119"]
[EventDate "2014.11.02"]
[EventType "team-tourn"]
[EventRounds "11"]
[EventCountry "CZE"]
[SourceTitle "EXT 2022"]
[Source "ChessBase"]
[SourceDate "2021.10.06"]
[SourceVersion "1"]
[SourceVersionDate "2021.10.06"]
[SourceQuality "1"]
[WhiteTeam "Mlada Boleslav"]
[BlackTeam "Turnov Zikuda II"]
[WhiteTeamCountry "CZE"]
[BlackTeamCountry "CZE"]

1. e4 c5 2. Nf3 e6 3. d3 Nc6 4. g3 d5 5. Qe2 d4 6. e5 b6 7. Bg2 Bb7 8. 0-0 Nge7 9. Bf4 Ng6 10. Nbd2 Nxf4 11. gxf4 Ne7 12. Ng5 Bxg2 13. Kxg2 Nf5 14. Qe4 Rc8 15. Rfe1 Be7 16. Ngf3 Qd7 17. Nf1 Qc6 18. Ng3 g6 19. c3 dxc3 20. bxc3 Nxg3 21. hxg3 h5 22. Rab1 0-0 23. Qxc6 Rxc6 24. c4 Rd8 25. Rb3 Rc7 26. Kf1 Rcd7 27. Ke2 Kg7 28. a4 Rh8 29. Ra1 Bd8 30. Rbb1 Bc7 31. Ng5 Rd4 32. Ne4 Rhd8 33. Ra3 Rh8 34. a5 Rdd8 35. axb6 Bxb6 36. Raa1 Rc8 37. Nd6 Rc7 38. Nb5 Rd7 39. Nc3 Rhd8 40. Rd1 Rd4 41. Na4 g5 42. Nxb6 axb6 43. Ke3 h4 44. Rab1 Kg6 45. Rxb6 Rxc4 46. gxh4 gxf4+ 47. Kf3 Rb4 48. Rg1+ Kh6 49. Rxb4 cxb4 50. Ke4 b3 51. Rb1 Rb8 52. d4 Kh5 53. Kxf4 b2 54. Kg3 Rb3+ 55. f3 Rb4 56. Kh3 Rb8 57. Kg3 Rb3 58. Kf4 Rb7 59. Kg3 Rb3 60. Kf4 1/2-1/2

[Event "CZE-chT2B 1415"]
[Site "Czech Republic"]
[Date "2015.02.22"]
[Round "8.4"]
[White "Cerny, Martin"]
[Black "Pribyl, Jakub"]
[Result "1-0"]
[WhiteElo "2176"]
[BlackElo "2126"]
[PlyCount "65"]
[EventDate "2014.11.02"]
[EventType "team-tourn"]
[EventRounds "11"]
[EventCountry "CZE"]
[SourceTitle "EXT 2022"]
[Source "ChessBase"]
[SourceDate "2021.10.06"]
[SourceVersion "1"]
[SourceVersionDate "2021.10.06"]
[SourceQuality "1"]
[WhiteTeam "Turnov Zikuda II"]
[BlackTeam "Usti nad Labem"]
[WhiteTeamCountry "CZE"]
[BlackTeamCountry "CZE"]

1. d4 Nf6 2. c4 g6 3. Nc3 Bg7 4. e4 d6 5. Be2 0-0 6. Bg5 Na6 7. Qd2 c6 8. Nf3 e5 9. Rd1 Qc7 10. 0-0 Bg4 11. d5 Rad8 12. Qc1 Rc8 13. h3 Bxf3 14. Bxf3 Ne8 15. Qc2 f5 16. Be2 h6 17. Bd2 Qe7 18. Qa4 c5 19. exf5 gxf5 20. Qc2 Nac7 21. f4 e4 22. Rde1 Nf6 23. Nd1 Qd7 24. Ne3 Kh8 25. Rb1 b5 26. Qd1 b4 27. Qe1 Nh7 28. Kh1 Rf6 29. Qh4 Rcf8 30. Bh5 a5 31. g4 fxg4 32. Nxg4 Rf5 33. Bg6 1-0

[Event "CZE-chT1W 1415"]
[Site "Czech Republic"]
[Date "2015.02.15"]
[Round "8.6"]
[White "Fajman, Petr"]
[Black "Cerny, Martin"]
[Result "1/2-1/2"]
[WhiteElo "2269"]
[BlackElo "2176"]
[PlyCount "52"]
[EventDate "2014.10.19"]
[EventType "team-tourn"]
[EventRounds "11"]
[EventCountry "CZE"]
[SourceTitle "EXT 2016"]
[Source "ChessBase"]
[SourceDate "2015.10.08"]
[SourceVersion "1"]
[SourceVersionDate "2015.10.08"]
[SourceQuality "1"]
[WhiteTeam "Jicin"]
[BlackTeam "Novoborsky II"]
[WhiteTeamCountry "CZE"]
[BlackTeamCountry "CZE"]

1. d4 Nf6 2. c4 c5 3. d5 b5 4. Qc2 b4 5. e4 d6 6. Ne2 e5 7. Ng3 g6 8. Be2 Bg7 9. f4 exf4 10. Bxf4 0-0 11. Nd2 Ng4 12. Nf3 Qf6 13. Bc1 Nd7 14. 0-0 Nde5 15. Ng5 Qe7 16. Bf4 h6 17. Nh3 Bd7 18. Rae1 a5 19. Nf2 Nxf2 20. Rxf2 a4 21. Qc1 Kh7 22. h3 Ra7 23. Bf1 Bc8 24. Be2 Bd7 25. Bf1 Bc8 26. Be2 Bd7 1/2-1/2

[Event "Ricany op-A"]
[Site "Ricany"]
[Date "2014.08.28"]
[Round "7"]
[White "Cerny, Martin"]
[Black "Jelinek, Michal"]
[Result "1-0"]
[WhiteElo "2184"]
[BlackElo "1946"]
[PlyCount "81"]
[EventDate "2014.08.23"]
[EventType "swiss"]
[EventRounds "9"]
[EventCountry "CZE"]
[SourceTitle "EXT 2015"]
[Source "ChessBase"]
[SourceDate "2014.11.20"]
[SourceVersion "1"]
[SourceVersionDate "2014.11.20"]
[SourceQuality "1"]

1. d4 d5 2. c4 e6 3. Nf3 Nf6 4. cxd5 exd5 5. Nc3 c6 6. Bg5 Be7 7. Qc2 Nbd7 8. e3 0-0 9. Bd3 Re8 10. 0-0 Nf8 11. h3 Nh5 12. Bxe7 Qxe7 13. Rab1 a5 14. Rfc1 g6 15. Na4 Nd7 16. Qb3 Nhf6 17. Nd2 Qb4 18. Qc2 Qd6 19. Rd1 Nh5 20. Rbc1 f5 21. Nc5 Nxc5 22. dxc5 Qe7 23. Nb3 Nf6 24. Qc3 Qd8 25. Rf1 Ne4 26. Bxe4 fxe4 27. f4 Qh4 28. Kh2 a4 29. Nd4 h5 30. f5 gxf5 31. Nxf5 Qg5 32. h4 Qg6 33. Nd6 Re6 34. Rf5 Rxd6 35. Rg5 Qxg5 36. hxg5 Rg6 37. Qe5 Bg4 38. Rf1 Rf8 39. Rxf8+ Kxf8 40. Qb8+ Kf7 41. Qxb7+ 1-0

[Event "CZE-chT2B 1314"]
[Site "Czech Republic"]
[Date "2014.03.02"]
[Round "9.4"]
[White "Cerny, Martin"]
[Black "Marsalek, Zdenek"]
[Result "1/2-1/2"]
[WhiteElo "2200"]
[BlackElo "2267"]
[PlyCount "102"]
[EventDate "2013.11.03"]
[EventType "team-tourn"]
[EventRounds "11"]
[EventCountry "CZE"]
[SourceTitle "EXT 2015"]
[Source "ChessBase"]
[SourceDate "2014.11.20"]
[SourceVersion "1"]
[SourceVersionDate "2014.11.20"]
[SourceQuality "1"]
[WhiteTeam "Novoborsky III"]
[BlackTeam "Bakov nad Jizerou"]
[WhiteTeamCountry "CZE"]
[BlackTeamCountry "CZE"]

1. d4 d5 2. c4 c6 3. Nf3 Nf6 4. Nc3 dxc4 5. a4 Bf5 6. Ne5 Nbd7 7. Nxc4 Qc7 8. g3 e5 9. dxe5 Nxe5 10. Bf4 Nfd7 11. Bg2 g5 12. Nxe5 gxf4 13. Nxd7 Qxd7 14. Qxd7+ Bxd7 15. gxf4 Rg8 16. Be4 f5 17. Bc2 0-0-0 18. Rd1 Be6 19. Rxd8+ Kxd8 20. e3 Bb4 21. Kf1 Ke7 22. Bd3 Kf6 23. Rg1 Rd8 24. Ke2 h6 25. Rg3 a5 26. Rh3 Bf8 27. Rg3 Bf7 28. Rh3 Bb3 29. Rh5 Be6 30. Rh4 Bf7 31. Rh3 Bg7 32. Rh4 Bf8 33. Rh3 Rd7 34. Rh4 Be6 35. Rh5 Kg6 36. Rh3 Bb4 37. Rg3+ Kf6 38. Rh3 Rh7 39. Rh5 Kg6 40. Rh3 Kf6 41. Rh5 Rh8 42. Rh3 Be7 43. Rh5 Kg6 44. Rh3 Bf6 45. Rg3+ Kf7 46. Rh3 h5 47. Rg3 Rd8 48. Rg1 h4 49. Rg2 Rd7 50. Rg1 Rd8 51. Rg2 Rd7 1/2-1/2

[Event "CZE-chT2B 1314"]
[Site "Czech Republic"]
[Date "2014.01.05"]
[Round "5.2"]
[White "Umanec, Filip"]
[Black "Cerny, Martin"]
[Result "1-0"]
[WhiteElo "2244"]
[BlackElo "2200"]
[PlyCount "63"]
[EventDate "2013.11.03"]
[EventType "team-tourn"]
[EventRounds "11"]
[EventCountry "CZE"]
[SourceTitle "EXT 2015"]
[Source "ChessBase"]
[SourceDate "2014.11.20"]
[SourceVersion "1"]
[SourceVersionDate "2014.11.20"]
[SourceQuality "1"]
[WhiteTeam "Neratovice"]
[BlackTeam "Novoborsky III"]
[WhiteTeamCountry "CZE"]
[BlackTeamCountry "CZE"]

1. e4 c5 2. c3 e6 3. d4 b6 4. Nf3 Bb7 5. Bd3 d6 6. 0-0 Nd7 7. e5 dxe5 8. dxe5 Ne7 9. Bf4 Ng6 10. Bg3 a6 11. Re1 Be7 12. a4 0-0 13. Qe2 Qc7 14. Nbd2 Rfd8 15. h4 Ngf8 16. Ne4 Bc6 17. h5 h6 18. Qe3 b5 19. a5 c4 20. Bc2 Bd5 21. Nf6+ Nxf6 22. exf6 Bd6 23. fxg7 Kxg7 24. Ne5 f5 25. Bf4 Kh7 26. Rad1 Bc5 27. Qg3 Qg7 28. Ng4 Nd7 29. Rxd5 exd5 30. Re6 Nf8 31. Rxh6+ Kg8 32. Nf6+ 1-0

[Event "CZE-chT2B 1314"]
[Site "Czech Republic"]
[Date "2013.11.03"]
[Round "1.4"]
[White "Hadraba, Vladimir"]
[Black "Cerny, Martin"]
[Result "1/2-1/2"]
[WhiteElo "2192"]
[BlackElo "2200"]
[PlyCount "50"]
[EventDate "2013.11.03"]
[EventType "team-tourn"]
[EventRounds "11"]
[EventCountry "CZE"]
[SourceTitle "EXT 2015"]
[Source "ChessBase"]
[SourceDate "2014.11.20"]
[SourceVersion "1"]
[SourceVersionDate "2014.11.20"]
[SourceQuality "1"]
[WhiteTeam "Teplice"]
[BlackTeam "Novoborsky III"]
[WhiteTeamCountry "CZE"]
[BlackTeamCountry "CZE"]

1. e4 c6 2. d4 d5 3. exd5 cxd5 4. Bd3 Nc6 5. c3 Nf6 6. Bf4 g6 7. Nf3 Bg7 8. h3 0-0 9. 0-0 Bf5 10. Re1 a6 11. Bxf5 gxf5 12. Ne5 Rc8 13. Nd2 Qb6 14. Qb3 Qxb3 15. Nxb3 Nxe5 16. Bxe5 e6 17. f3 b6 18. g4 fxg4 19. hxg4 Nd7 20. Bxg7 Kxg7 21. Nc1 h5 22. gxh5 Rh8 23. Kf2 Rxh5 24. Rg1+ Kf6 25. Nd3 Rh2+ 1/2-1/2

[Event "CZE-chT2C 1213"]
[Site "Czech Republic"]
[Date "2013.01.06"]
[Round "6.4"]
[White "Cerny, Martin"]
[Black "Vedral, Oldrich"]
[Result "1/2-1/2"]
[WhiteElo "2178"]
[BlackElo "2293"]
[PlyCount "66"]
[EventDate "2012.10.14"]
[EventType "team-tourn"]
[EventRounds "11"]
[EventCountry "CZE"]
[SourceTitle "EXT 2015"]
[Source "ChessBase"]
[SourceDate "2014.11.20"]
[SourceVersion "1"]
[SourceVersionDate "2014.11.20"]
[SourceQuality "1"]
[WhiteTeam "Ricany"]
[BlackTeam "Praha Oaza"]
[WhiteTeamCountry "CZE"]
[BlackTeamCountry "CZE"]

1. d4 Nf6 2. c4 e6 3. Nf3 b6 4. g3 Bb7 5. Bg2 Bb4+ 6. Bd2 Qe7 7. 0-0 0-0 8. Bf4 d5 9. a3 Bd6 10. Bg5 Nbd7 11. cxd5 exd5 12. Nc3 h6 13. Bxf6 Nxf6 14. Rc1 c5 15. dxc5 bxc5 16. Nh4 Qe6 17. Qc2 Ne4 18. Nb5 Be5 19. Nf3 Bb8 20. Nd2 Rc8 21. Nxe4 dxe4 22. Rfd1 f5 23. a4 Be5 24. Qc4 Qxc4 25. Rxc4 Bxb2 26. Bh3 Rd8 27. Rxd8+ Rxd8 28. Bxf5 Rd1+ 29. Kg2 a6 30. Rxc5 e3+ 31. f3 Rd2 32. Bd3 Rxd3 33. exd3 axb5 1/2-1/2